Statistics for AJR - 3 O'Clock Things Lyrics

Click here to take the quiz!

General Stats

  • This quiz has been taken 65 times
  • The average score is 343 of 410

Answer Stats

Answer% Correct
a
100%
be
100%
Come
100%
come
100%
ever
100%
every
100%
I
100%
on
100%
the
100%
then
100%
to
100%
when
100%
will
100%
Would
100%
you
100%
alright
97%
but
97%
everything
97%
guy
97%
it
97%
miss
97%
okay
97%
thing
97%
want
97%
your
97%
all
95%
'em
95%
eyes
95%
if
95%
it's
95%
It's
95%
keep
95%
no
95%
promise
95%
three
95%
tired
95%
wouldn't
95%
an
92%
are
92%
me
92%
me)
92%
me?
92%
my
92%
open
92%
so
92%
we
92%
and
90%
'cause
90%
funny
90%
go
90%
how
90%
is
90%
know
90%
like
90%
or
90%
should
90%
college
87%
real
87%
running
87%
that
87%
they
87%
They're
87%
they're
87%
was
87%
YouTube
87%
ads
85%
Am
85%
AM
85%
comments
85%
kinda
85%
maybe
85%
option
85%
reading
85%
saw
85%
skipping
85%
spend
85%
best
82%
for
82%
get
82%
good?
82%
he
82%
I'm
82%
o'clock
82%
sleeping
82%
we're
82%
years
82%
already
79%
did
79%
I'll
79%
love
79%
narcotics
79%
now
79%
paid
79%
say
79%
shy
79%
that's
79%
too
79%
with
79%
(without
79%
without
79%
feel
77%
had
77%
hate
77%
never
77%
over
77%
penny
77%
scary
77%
someone
77%
super
77%
you'd
77%
advertisements
74%
allotted
74%
amazing
74%
ask
74%
debating
74%
finishing
74%
not
74%
overrated
74%
own
74%
pretend
74%
sorry
74%
tell
74%
everyone
72%
getting
72%
hard
72%
hell
72%
right
72%
should've
72%
someone's
72%
spending
72%
up
72%
wasted
72%
would've
72%
hooking
69%
sex
69%
yeah
69%
bail
67%
you're
67%
anything's
64%
out
64%
politics
64%
don't
62%
There
62%
dip
59%
Hamilton
59%
might
59%
racist
59%
show
59%
talking
59%
vote
59%
well
59%
end
56%
evil
56%
friends
56%
means
56%
fucking
54%
hits
54%
of
49%
their
46%
sides
44%
this
44%
two
44%
insane?
41%
stay
41%
fans
38%
fence
38%
obvious?
38%
one
38%
parents
38%
there's
38%
bit
36%
cloudy
36%
Isn't
36%
our
36%
us
36%
half
33%
taught
31%
let's
28%
ways
28%
blame
26%
(da da da)
5%

Score Distribution

Percentile by Number Answered

Percent of People with Each Score

Your Score History

You have not taken this quiz